Statistics for Fast Typing Words #1

Click here to take the quiz!

General Stats

  • This quiz has been taken 20 times
  • The average score is 6 of 7

Answer Stats

Word to TypeWord% Correct
AppendixAppendix
100%
DiaryDiary
100%
JetPunkJetPunk
91%
AutobiographyAutobiography
82%
CookieCookie
82%
CriminalCriminal
55%
VentilationVentilation
55%

Score Distribution

Percentile by Number Answered

Percent of People with Each Score

Your Score History

You have not taken this quiz